01145nam a2200325Ia 450000500170000000800410001702000180005802000150007604100080009110000270009924501080012625000180023430000250025249000250027750000520030253400520035465000350040665000390044165000320048065000360051265000390054865000370058770000290062426400320065333600270068533700330071233800280074504000350077308400110080820220317001802.0170328s2015 c g 000 f s  a9789584246899 a9584246895 aspa1 aRushdie, Salmand1947-10aDos años, ocho meses y veintiocho nochescSalman Rushdie ; traducción del inglés por Javier Calvo a1a. edición a396 páginasc23 cm aBiblioteca formentor aIncluye datos biográficos del autor en solapa tTwo years, eigth months and twenty eight nights142LEMBaNovela inglesaySiglo XX142LEMBaLiteratura inglesaySiglo XX142LEMBaAmor en la literatura142LEMBaMisterio en la literatura142LEMBaMitología en la literatura142LEMBaMonstruos en la literatura1 aCalvo, Javieretraductor aBogotábSeix Barralc2015 atextobtxt2rdacontent asin mediaciónbn2rdamedia avolumenbnc2rdacarrier aCO-BoRNBPbspaerdacCO-BoRNBP aN RUS2